000 01351nam a2200337 i 4500
003 EG-GICUC
005 20260121101633.0
008 260101s1995 ua ||||fr|||| 000 0 ara d
017 _a1995/9954
020 _a977-04-1528-6
040 _a EG-GICUC
_bara
_c EG-GICUC
_d EG-GICUC
_erda
041 _aara
082 0 4 _221
_a345.457
_bع ب . ج
092 0 4 _221
099 _aLaw1 07 345.457 ع ب . ج 1995
100 0 _aعبدالرءوف هاشم بسيوني
_eمؤلف.
245 1 2 _aالجريمة التأديبية وعلاقتها بالجريمة الجنائية /
_cدكتور عبدالرءوف هاشم بسيوني.
264 1 _aالقاهرة :
_bدار النهضة العربية,
_c1995.
300 _a200 صفحة ؛
_c24 سم
_bإيضاحيات، صور، مثيليات ؛
336 _2rda content
_atext
337 _2rda media
_aComputer
338 _2rda carrier
_aOnline Resource
504 _a. 198-193 ببليوجرافيا: صفحات.
546 _aالنص أغلبه باللغة العربية مع بعض النصوص الفرنسية
650 1 4 _aالجريمة التاديبية
_2qrmak
650 1 4 _aالجريمة الجنائية للموظف العام
_2qrmak
651 1 _2qrmak
856 4 0 _uhttps://fll.law.cu.edu.eg/fulltext/bks/B07-01824.pdf
905 _a79
942 _2ddc
_cBK
_e21
_n0
999 _c53682
_d53682